IV Festival Internacional Orgues de Poblet : església abacial de Santa Maria de Poblet, 20:30h església abacial de Santa Maria de Poblet, 20:30h
Descripción Física:
21 pàgines : il·lustracions ; 21 cm
Materias:
Monestir de Santa Maria de Poblet
; Festivals de música -- Programes
; Orgue, Música per a
Idioma:
Catalán
MARC
| LEADER | 00000nam a22000007a 4500 | ||
|---|---|---|---|
| 001 | 25770 | ||
| 008 | 220603b spa||||| |||| 00| 0 cat d | ||
| 080 | |a FU-70-21 | ||
| 111 | |9 53205 |a Festival Internacional Orgues de Poblet |n (4t : |d 2016 : |c Poblet, Catalunya) | ||
| 245 | |a IV Festival Internacional Orgues de Poblet : |b església abacial de Santa Maria de Poblet, 20:30h | ||
| 246 | 2 | 2 | |a Quart Festival Internacional Orgues de Poblet |
| 260 | |a Poblet : |b Monestir de Poblet, |c 2016 | ||
| 300 | |a 21 pàgines : |b il·lustracions ; |c 21 cm | ||
| 610 | 2 | 0 | |a Monestir de Santa Maria de Poblet |9 52909 |
| 650 | 0 | |9 52910 |a Festivals de música |x Programes | |
| 650 | 0 | |9 33961 |a Orgue, Música per a |2 Arxiu | |
| 710 | 2 | |a Monestir de Santa Maria de Poblet |9 52909 | |
| 942 | |2 udc |c ARXIU |n 1 | ||
| 952 | |0 0 |1 0 |4 0 |6 FU7021 |7 1 |9 62163 |a Arxiu |b Arxiu |d 2022-06-03 |l 0 |o FU-70-21 |p 25770 |r 2022-06-03 00:00:00 |w 2022-06-03 |y ARXIU | ||
| 999 | |c 81854 |d 81854 | ||